Artificial Intelligence (Record no. 27)

MARC details
000 -LEADER
Fixed length control field 00515nam a2200193 4500
003 - CONTROL NUMBER IDENTIFIER
Control field SEACOMMC
005 - DATE AND TIME OF LATEST TRANSACTION
Control field 20231010045957.0
008 - FIXED-LENGTH DATA ELEMENTS--GENERAL INFORMATION
Fixed length control field 231010b |||||||| |||| 00| 0 eng d
020 ## - INTERNATIONAL STANDARD BOOK NUMBER / ISBN
Price Rs. 395.00
040 ## - CATALOGING SOURCE
Original cataloging agency SEACOMMC
082 1# - DEWEY DECIMAL CLASSIFICATION NUMBER
Classification number 006.3
Book Number NIL
100 1# - MAIN ENTRY--PERSONAL NAME
Personal name Nilsson, Nils J.
245 1# - TITLE STATEMENT
Title Artificial Intelligence
Sub title a new synthesis
Statement of responsibility Nils J. Nilsson
260 ## - IMPRINT
Place of publication New Delhi
Name of publisher Elsevier
Date of publication 2003
650 ## - SUBJECT ADDED ENTRY--TOPICAL TERM
Topical term Computer science
650 ## - SUBJECT ADDED ENTRY--TOPICAL TERM
Topical term Special computer methods
650 ## - SUBJECT ADDED ENTRY--TOPICAL TERM
Topical term Artificial intelligence
942 ## - ADDED ENTRY ELEMENTS (KOHA)
Koha item type Books

No items available.

© Seacom Engineering College, All rights reserved.    Powered by Koha